000 00432nam a2200133Ia 4500
008 220217s9999 xx 000 0 und d
245 0 _aMethods for testing tar and bituminous materials: Determination of viscosity. Part I. Industrial viscosity. (First Revision).
260 _c1978
500 _aStandard number: IS 1206 Part I
650 _aBituminous materials
650 _aIndustrial viscosity
650 _aTar
942 _cST
999 _c73472
_d73472